<?xml version="1.0" encoding="UTF-8"?>
<record
    xmlns:xsi="http://www.w3.org/2001/XMLSchema-instance"
    xsi:schemaLocation="http://www.loc.gov/MARC21/slim http://www.loc.gov/standards/marcxml/schema/MARC21slim.xsd"
    xmlns="http://www.loc.gov/MARC21/slim">

  <leader>00976cam a22002771  4500</leader>
  <controlfield tag="001">ne 68004712 </controlfield>
  <controlfield tag="003">DLC</controlfield>
  <controlfield tag="005">20260227111851.0</controlfield>
  <controlfield tag="008">940215s1968    ua ah    b    000 0 arar </controlfield>
  <datafield tag="010" ind1=" " ind2=" ">
    <subfield code="a">ne 68004712 </subfield>
  </datafield>
  <datafield tag="035" ind1=" " ind2=" ">
    <subfield code="a">(OCoLC)29818970</subfield>
  </datafield>
  <datafield tag="040" ind1=" " ind2=" ">
    <subfield code="a">DLC</subfield>
    <subfield code="c">CU</subfield>
    <subfield code="d">CU</subfield>
    <subfield code="d">DLC</subfield>
  </datafield>
  <datafield tag="042" ind1=" " ind2=" ">
    <subfield code="a">premarc</subfield>
  </datafield>
  <datafield tag="050" ind1="0" ind2="0">
    <subfield code="a">QA32</subfield>
    <subfield code="b">.K45 1968</subfield>
  </datafield>
  <datafield tag="100" ind1="1" ind2=" ">
    <subfield code="a">Khuw&#x101;rizm&#x12B;, Mu&#x1E25;ammad ibn M&#x16B;s&#xE1;,</subfield>
    <subfield code="d">active 813-846.</subfield>
  </datafield>
  <datafield tag="245" ind1="1" ind2="0">
    <subfield code="a">Kit&#x101;b al-jabr wa-al-muq&#x101;balah /</subfield>
    <subfield code="c">li-Mu&#x1E25;ammad ibn M&#x16B;s&#xE1; al-Khuw&#x101;rizm&#x12B; ; taqd&#x12B;m wa-ta&#x2BB;l&#x12B;q &#x2BB;Al&#x12B; Mu&#x1E63;&#x1E6D;af&#xE1; Musharrafah wa-Mu&#x1E25;ammad Murs&#x12B; A&#x1E25;mad.</subfield>
  </datafield>
  <datafield tag="250" ind1=" " ind2=" ">
    <subfield code="a">[al-&#x1E6C;ab&#x2BB;ah 3]</subfield>
  </datafield>
  <datafield tag="260" ind1=" " ind2=" ">
    <subfield code="a">Mi&#x1E63;r :</subfield>
    <subfield code="b">D&#x101;r al-K&#x101;tib al-&#x2BB;Arab&#x12B;,</subfield>
    <subfield code="c">1968.</subfield>
  </datafield>
  <datafield tag="300" ind1=" " ind2=" ">
    <subfield code="a">6, 106 p. :</subfield>
    <subfield code="b">illus., facsims. ;</subfield>
    <subfield code="c">25 cm.</subfield>
  </datafield>
  <datafield tag="490" ind1="0" ind2=" ">
    <subfield code="a">Tur&#x101;thun&#x101;</subfield>
  </datafield>
  <datafield tag="504" ind1=" " ind2=" ">
    <subfield code="a">Bibliographical footnotes.</subfield>
  </datafield>
  <datafield tag="650" ind1=" " ind2="0">
    <subfield code="a">Mathematics, Arab.</subfield>
  </datafield>
  <datafield tag="700" ind1="1" ind2=" ">
    <subfield code="a">Musharrafah, &#x2BB;Al&#x12B; Mu&#x1E63;&#x1E6D;af&#xE1;,</subfield>
    <subfield code="e">ed.</subfield>
  </datafield>
  <datafield tag="700" ind1="1" ind2=" ">
    <subfield code="a">A&#x1E25;mad, Mu&#x1E25;ammad Murs&#x12B;,</subfield>
    <subfield code="e">ed.</subfield>
  </datafield>
  <datafield tag="740" ind1="3" ind2=" ">
    <subfield code="a">al-Jabr wa-al-muq&#x101;balah.</subfield>
  </datafield>
  <datafield tag="999" ind1=" " ind2=" ">
    <subfield code="c">51128</subfield>
    <subfield code="d">51128</subfield>
  </datafield>
</record>
